[Event "Oberliga Bayern 1112"]
[Site "Bayern"]
[Date "2011.10.23"]
[Round "2.8"]
[White "Schmidt, Anton"]
[Black "Suren, Peter"]
[Result "1/2-1/2"]
[WhiteElo "2055"]
[BlackElo "1970"]
[PlyCount "56"]
[EventDate "2011.10.02"]
[EventType "team-tourn"]
[EventRounds "9"]
[EventCountry "GER"]
[SourceTitle "EXT 2013"]
[Source "ChessBase"]
[SourceDate "2012.11.22"]
[SourceVersion "1"]
[SourceVersionDate "2012.11.22"]
[SourceQuality "1"]
[WhiteTeam "Groebenzell"]
[BlackTeam "Bad Koenigshofen"]
[WhiteTeamCountry "GER"]
[BlackTeamCountry "GER"]

1. c4 a5 2. Nc3 Ra6 3. d4 Rg6 4. Nf3 d6 5. e4 e6 6. Be3 Be7 7. Qb3 Nh6 8. h3 f5 9. 0-0-0 0-0 10. Bxh6 Rxh6 11. exf5 Rxf5 12. Bd3 Rf8 13. Be4 c6 14. Rhe1 Qc7 15. Kb1 Na6 16. Re2 Bd7 17. a3 b5 18. cxb5 cxb5 19. Nxb5 Qb6 20. a4 Rb8 21. Bf5 Nc7 22. Bd3 Nxb5 23. Bxb5 Bxb5 24. axb5 Qxb5 25. Qxb5 Rxb5 26. Rc1 Rg6 27. Rc7 Bf8 28. Ne1 Rd5 1/2-1/2

[Event "Oberliga Bayern 0809"]
[Site "Bayern"]
[Date "2008.10.05"]
[Round "1.8"]
[White "Egger, Thomas"]
[Black "Suren, Peter"]
[Result "1/2-1/2"]
[WhiteElo "2192"]
[BlackElo "2076"]
[PlyCount "116"]
[EventDate "2008.10.05"]
[EventType "team-tourn"]
[EventRounds "9"]
[EventCountry "GER"]
[SourceTitle "EXT 2020"]
[Source "ChessBase"]
[SourceDate "2019.10.17"]
[SourceVersion "1"]
[SourceVersionDate "2019.10.17"]
[SourceQuality "1"]
[WhiteTeam "Krumbach"]
[BlackTeam "Koenigshofen"]
[WhiteTeamCountry "GER"]
[BlackTeamCountry "GER"]

1. Nf3 Nc6 2. d4 d5 3. g3 Bf5 4. Bg2 Qd7 5. 0-0 Bh3 6. Nc3 Bxg2 7. Kxg2 f6 8. e4 dxe4 9. Nxe4 0-0-0 10. Be3 g5 11. c4 Qe6 12. Nc3 Qxc4 13. d5 Qa6 14. Qc2 Nb4 15. Qe4 e6 16. dxe6 Qc6 17. Rfd1 Rxd1 18. Rxd1 Qxe4 19. Nxe4 h6 20. Rd7 Be7 21. Bc5 Bxc5 22. Nxc5 b6 23. Ne4 f5 24. Nc3 Nf6 25. Rf7 Ne4 26. Nb5 Nd6 27. Nxd6+ cxd6 28. Rxa7 Nc6 29. Ra8+ Nb8 30. Nd4 Kb7 31. Ra3 Re8 32. Re3 f4 33. gxf4 gxf4 34. Re1 Na6 35. Kf3 Nb4 36. Rg1 b5 37. Ke4 Kb6 38. Rc1 d5+ 39. Kf5 Nd3 40. Rc6+ Kb7 41. Kf6 f3 42. Kf7 Ra8 43. Rd6 Nxf2 44. Nxf3 Ne4 45. Rxd5 Kc6 46. Rd1 Nd6+ 47. Kg7 Rxa2 48. e7 Nf5+ 49. Kf6 Nxe7 50. Kxe7 Rxb2 51. Rd6+ Kc5 52. Rxh6 b4 53. Ne5 Re2 54. Kf6 b3 55. Rh8 Kd4 56. Nf3+ Ke4 57. Ng5+ Kd3 58. Rd8+ Kc3 1/2-1/2

[Event "GER-ch 78th"]
[Site "Bad Koenigshofen"]
[Date "2007.01.26"]
[Round "8"]
[White "Koller, Jens"]
[Black "Suren, Peter"]
[Result "1-0"]
[WhiteElo "2246"]
[BlackElo "2211"]
[PlyCount "71"]
[EventDate "2007.01.19"]
[EventType "swiss"]
[EventRounds "9"]
[EventCountry "GER"]
[SourceTitle "CBM 116 Extra"]
[Source "ChessBase"]
[SourceDate "2007.03.07"]
[SourceVersion "1"]
[SourceVersionDate "2007.03.07"]
[SourceQuality "1"]

1. e4 Nc6 2. Nf3 d5 3. exd5 Qxd5 4. Nc3 Qh5 5. Nb5 Kd8 6. Nc3 Bg4 7. Be2 Nf6 8. d4 e6 9. 0-0 Bd6 10. h3 Bxh3 11. gxh3 Qxh3 12. Ne5 Ke7 13. Bf4 Qh4 14. Bg3 Qg5 15. Qc1 Qf5 16. Bd3 Qh3 17. Qe3 Bxe5 18. dxe5 Nd7 19. Rfd1 Ncxe5 20. Qg5+ f6 21. Qxg7+ Nf7 22. Bb5 Nb6 23. Ne4 Qf5 24. Nd6 Qh5 25. Qxf7+ Qxf7 26. Nxf7 Kxf7 27. Bxc7 Rag8+ 28. Kf1 Rg5 29. Be2 Nd5 30. Bh2 Rhg8 31. Bf3 Rc8 32. Rac1 b5 33. Rd4 Nb6 34. Ke2 e5 35. Rb4 a6 36. Bb7 1-0

[Event "GER-ch 78th"]
[Site "Bad Koenigshofen"]
[Date "2007.01.25"]
[Round "7"]
[White "Suren, Peter"]
[Black "Schellmann, Frank"]
[Result "1/2-1/2"]
[WhiteElo "2211"]
[BlackElo "2107"]
[PlyCount "85"]
[EventDate "2007.01.19"]
[EventType "swiss"]
[EventRounds "9"]
[EventCountry "GER"]
[SourceTitle "CBM 116 Extra"]
[Source "ChessBase"]
[SourceDate "2007.03.07"]
[SourceVersion "1"]
[SourceVersionDate "2007.03.07"]
[SourceQuality "1"]

1. b3 e5 2. Bb2 Nc6 3. e4 Nf6 4. Nc3 Bc5 5. Bd3 0-0 6. Qe2 Nd4 7. Qf1 d5 8. 0-0-0 dxe4 9. Nxe4 Nxe4 10. Bxe4 Qd6 11. c3 Nc6 12. Nf3 Bd7 13. Qe2 Rae8 14. Rhe1 Ba3 15. h3 a5 16. g4 a4 17. b4 Bxb2+ 18. Kxb2 a3+ 19. Ka1 Kh8 20. Bc2 e4 21. Bxe4 f5 22. gxf5 Bxf5 23. Qc4 Qf4 24. Bd5 Qxc4 25. Bxc4 h6 26. Nh4 Bh7 27. f4 g5 28. Rxe8 Rxe8 29. Ng2 gxf4 30. Bd5 Rf8 31. Rf1 Ne5 32. Nxf4 c6 33. Bg2 Kg8 34. Ne6 Re8 35. Nd4 Nc4 36. Rg1 Kh8 37. Nf3 Nb2 38. Bf1 Nd3 39. Bxd3 Bxd3 40. Ne1 Bf5 41. Nf3 Bxh3 42. Kb1 Rf8 43. Nd4 1/2-1/2

[Event "GER-ch 78th"]
[Site "Bad Koenigshofen"]
[Date "2007.01.22"]
[Round "4"]
[White "Hamann, Carsten"]
[Black "Suren, Peter"]
[Result "0-1"]
[WhiteElo "2216"]
[BlackElo "2211"]
[PlyCount "80"]
[EventDate "2007.01.19"]
[EventType "swiss"]
[EventRounds "9"]
[EventCountry "GER"]
[SourceTitle "CBM 116 Extra"]
[Source "ChessBase"]
[SourceDate "2007.03.07"]
[SourceVersion "1"]
[SourceVersionDate "2007.03.07"]
[SourceQuality "1"]

1. e4 Nc6 2. Nf3 d5 3. exd5 Qxd5 4. Nc3 Qh5 5. Bb5 Bg4 6. d4 Bxf3 7. gxf3 e6 8. Bxc6+ bxc6 9. Qd3 Bb4 10. Bd2 Ne7 11. 0-0-0 Qa5 12. a3 Bxa3 13. Na2 Bb4 14. Bxb4 Qxa2 15. Qc3 Qa6 16. Ba3 Nd5 17. Qd2 0-0-0 18. Qg5 Rdg8 19. h4 Qe2 20. Qg3 a5 21. Rhe1 Qc4 22. f4 g6 23. b3 Qa6 24. c4 Nb4 25. Kb2 Rd8 26. Qg5 Qb6 27. Qf6 Rhf8 28. Qe5 Rd7 29. h5 Rfd8 30. Kc3 gxh5 31. Rh1 c5 32. dxc5 Rd3+ 33. Rxd3 Rxd3+ 34. Kb2 Qc6 35. Rg1 Rf3 36. Qd4 Rxf2+ 37. Kb1 Re2 38. Bxb4 axb4 39. Qh8+ Kb7 40. Qxh7 Qf3 0-1

[Event "Oberliga Bayern 0506"]
[Site "Bayern"]
[Date "2006.04.02"]
[Round "9.6"]
[White "Suren, Peter"]
[Black "Scheckenbach, Franz"]
[Result "1/2-1/2"]
[WhiteElo "2094"]
[BlackElo "2105"]
[PlyCount "37"]
[EventDate "2005.10.23"]
[EventType "team-tourn"]
[EventRounds "9"]
[EventCountry "GER"]
[SourceTitle "EXT 2007"]
[Source "ChessBase"]
[SourceDate "2006.11.23"]
[SourceVersion "1"]
[SourceVersionDate "2006.11.23"]
[SourceQuality "1"]
[WhiteTeam "Bad Koenigshofen"]
[BlackTeam "Groebenzell"]
[WhiteTeamCountry "GER"]
[BlackTeamCountry "GER"]

1. b3 e5 2. Bb2 Nc6 3. e4 Nf6 4. Nc3 Bc5 5. Bd3 0-0 6. Qe2 Nd4 7. Qf1 b5 8. 0-0-0 a5 9. Re1 a4 10. Nxb5 axb3 11. axb3 c6 12. Nxd4 exd4 13. Nf3 Qa5 14. Nxd4 Ba3 15. Nf3 Bxb2+ 16. Kxb2 Qa3+ 17. Kc3 Qc5+ 18. Kb2 Qa3+ 19. Kc3 1/2-1/2

[Event "Bad Koenigshofen op"]
[Site "Bad Koenigshofen"]
[Date "2006.??.??"]
[Round "1"]
[White "Suren, Peter"]
[Black "Lewandowski, Matthias"]
[Result "1-0"]
[WhiteElo "2220"]
[BlackElo "1685"]
[PlyCount "75"]
[EventDate "2006.08.04"]
[EventType "swiss"]
[EventRounds "9"]
[EventCountry "GER"]
[SourceTitle "EXT 2008"]
[Source "ChessBase"]
[SourceDate "2007.11.25"]
[SourceVersion "1"]
[SourceVersionDate "2007.11.25"]
[SourceQuality "1"]

1. b3 c5 2. Bb2 e6 3. e3 Nf6 4. f4 d5 5. Nf3 a6 6. Rg1 Nc6 7. g4 Rg8 8. g5 Nd7 9. Nc3 Qc7 10. f5 Nde5 11. Nxe5 Qxe5 12. fxe6 Bxe6 13. Qe2 Qc7 14. 0-0-0 g6 15. h4 Bg7 16. Qf3 0-0-0 17. Bh3 Bxc3 18. Bxe6+ fxe6 19. Bxc3 e5 20. Rgf1 d4 21. Bb2 Qe7 22. Qh3+ Qd7 23. Qxd7+ Rxd7 24. Rf6 Rgg7 25. Rdf1 Kc7 26. Ba3 b6 27. Rf8 Rd8 28. exd4 exd4 29. d3 Ne5 30. R1f6 Rdd7 31. b4 Ng4 32. Re6 c4 33. dxc4 Ne3 34. Rf3 Ng2 35. Rxb6 Nxh4 36. b5 axb5 37. Rc6+ Kd8 38. Rf8# 1-0

[Event "Landesliga Nord 0405"]
[Site "Bayern"]
[Date "2004.10.24"]
[Round "1.3"]
[White "Suren, Peter"]
[Black "Kopp, Andre"]
[Result "0-1"]
[WhiteElo "2077"]
[BlackElo "2111"]
[PlyCount "140"]
[EventDate "2004.10.24"]
[EventType "team-tourn"]
[EventRounds "9"]
[EventCountry "GER"]
[SourceTitle "EXT 2008"]
[Source "ChessBase"]
[SourceDate "2007.11.25"]
[SourceVersion "1"]
[SourceVersionDate "2007.11.25"]
[SourceQuality "1"]
[WhiteTeam "Koenigshofen"]
[BlackTeam "Marktleuthen"]
[WhiteTeamCountry "GER"]
[BlackTeamCountry "GER"]

1. b3 e5 2. Bb2 Nc6 3. e4 Nf6 4. Nc3 Bc5 5. Bd3 a6 6. Qe2 d6 7. 0-0-0 Bd7 8. Rf1 Qe7 9. f4 Nb4 10. Nf3 Nxd3+ 11. Qxd3 0-0-0 12. g3 Rhe8 13. Re1 Qf8 14. Qc4 Bg4 15. Qf1 Bd7 16. d3 Bb4 17. a3 Ba5 18. b4 Bb6 19. fxe5 dxe5 20. Nd1 a5 21. Nxe5 axb4 22. axb4 Be6 23. Bc3 Rd4 24. Bxd4 Bxd4 25. Nf3 Qxb4 26. Nxd4 Qxd4 27. Qg1 Qb4 28. Qa7 Rd8 29. Re2 Rd6 30. c3 Rc6 31. Rb2 Bb3 32. Kb1 Rxc3 33. Nxc3 Qxc3 34. Qe3 Be6 35. Rc1 Qa3 36. Qc5 Qxd3+ 37. Qc2 Qxc2+ 38. Rbxc2 c6 39. Re1 Kc7 40. Kb2 Ng4 41. Kc3 Ne5 42. Rb1 Nc4 43. Kb4 Ne5 44. Kc5 b6+ 45. Kd4 f6 46. Ra1 c5+ 47. Ke3 Kb7 48. h4 h6 49. Ke2 c4 50. Rca2 Kc6 51. Rb2 Nd3 52. Rd2 Nc5 53. Rb2 b5 54. Ra5 c3 55. Rbxb5 Bc4+ 56. Ke3 Bxb5 57. Ra3 Na4 58. Kd4 Kb6 59. g4 Ka5 60. g5 hxg5 61. hxg5 Kb4 62. Ra1 c2 63. gxf6 gxf6 64. Rc1 Kb3 65. Ke3 Nc5 66. Rh1 Kb2 67. Kd4 Nb3+ 68. Kd5 Nd2 69. Ke6 Bf1 70. Kxf6 c1Q 0-1

[Event "Regionalliga NW 0304"]
[Site "Bayern"]
[Date "2004.02.15"]
[Round "6.5"]
[White "Wuest, Michael"]
[Black "Suren, Peter"]
[Result "0-1"]
[WhiteElo "1898"]
[BlackElo "2068"]
[PlyCount "79"]
[EventDate "2003.10.12"]
[EventType "team-tourn"]
[EventRounds "9"]
[EventCountry "GER"]
[SourceTitle "EXT 2006"]
[Source "ChessBase"]
[SourceDate "2005.11.24"]
[SourceVersion "1"]
[SourceVersionDate "2005.11.24"]
[SourceQuality "1"]
[WhiteTeam "Hof"]
[BlackTeam "Koenigshofen"]
[WhiteTeamCountry "GER"]
[BlackTeamCountry "GER"]

1. e4 Nc6 2. Nf3 d5 3. exd5 Qxd5 4. Nc3 Qh5 5. d4 Bg4 6. Bb5 Bxf3 7. Qxf3 Qxf3 8. gxf3 e6 9. Bxc6+ bxc6 10. Rg1 Ne7 11. Bf4 Nf5 12. 0-0-0 0-0-0 13. Ne2 c5 14. c3 cxd4 15. Nxd4 Nxd4 16. Rxd4 Rxd4 17. cxd4 g6 18. Be5 Rg8 19. Rd1 Bd6 20. f4 Rd8 21. Kc2 Be7 22. f5 f6 23. Bf4 exf5 24. d5 Bc5 25. Be3 Bxe3 26. fxe3 Re8 27. Rd3 Re4 28. Kc3 Kd7 29. b4 Kd6 30. Kb3 Rh4 31. a4 Rxh2 32. b5 Rh3 33. Rc3 f4 34. Rc6+ Kd7 35. Rxf6 Rxe3+ 36. Kc4 g5 37. Kc5 Ke7 38. Rh6 f3 39. Rxh7+ Kf6 40. Rh1 0-1

[Event "Bayern-ch 71st"]
[Site "Bad Koenigshofen"]
[Date "2000.08.29"]
[Round "5"]
[White "Koller, Reinhard"]
[Black "Suren, Peter"]
[Result "1-0"]
[WhiteElo "2077"]
[BlackElo "2067"]
[PlyCount "97"]
[EventDate "2000.08.26"]
[EventType "swiss"]
[EventRounds "9"]
[EventCountry "GER"]
[SourceTitle "EXT 2015"]
[Source "ChessBase"]
[SourceDate "2014.11.20"]
[SourceVersion "1"]
[SourceVersionDate "2014.11.20"]
[SourceQuality "1"]

1. e4 Nc6 2. Nf3 d5 3. exd5 Qxd5 4. Nc3 Qh5 5. Be2 Bg4 6. 0-0 Nf6 7. d3 e6 8. Bf4 0-0-0 9. Ng5 h6 10. Bxg4 Nxg4 11. Nxf7 Qxf7 12. Qxg4 Rd4 13. Ne4 Rb4 14. b3 h5 15. Ng5 hxg4 16. Nxf7 Rxf4 17. Nxh8 Rf6 18. d4 Nxd4 19. Rfd1 Nc6 20. h3 Bc5 21. Rd2 g3 22. Kf1 Bxf2 23. Ke2 Bc5 24. c3 Ne5 25. Rf1 Bf2 26. Kd1 Rf5 27. Re2 Rh5 28. Kc2 Bc5 29. Nf7 Bd6 30. Nxe5 Bxe5 31. Rfe1 Bd6 32. Rxe6 Rf5 33. R1e2 g5 34. Rg6 Kd7 35. c4 Kc6 36. b4 b6 37. Kd3 a5 38. a3 Kb7 39. Kc3 Rf2 40. Rge6 Rf1 41. Re1 Rf2 42. R6e2 Rf5 43. Rd1 Kc6 44. b5+ Kb7 45. a4 Bb4+ 46. Kb3 Bd6 47. Rd5 Rf2 48. Re8 Bf4 49. Rdd8 1-0

[Event "Unterfranken-ch M1 51th"]
[Site "Sailauf"]
[Date "2000.??.??"]
[Round "8"]
[White "Suren, Peter"]
[Black "Zentgraf, Alexander"]
[Result "1-0"]
[WhiteElo "2067"]
[BlackElo "2104"]
[PlyCount "68"]
[EventDate "2000.04.24"]
[EventType "swiss"]
[EventRounds "9"]
[EventCountry "GER"]
[SourceTitle "EXT 2015"]
[Source "ChessBase"]
[SourceDate "2014.11.20"]
[SourceVersion "1"]
[SourceVersionDate "2014.11.20"]
[SourceQuality "1"]

1. b3 e5 2. Bb2 Nc6 3. e4 Nf6 4. Nc3 Bc5 5. Bd3 d6 6. Qe2 Be6 7. 0-0-0 Qd7 8. f4 Bg4 9. Nf3 0-0-0 10. Na4 Bb6 11. Bb5 Rhe8 12. Qc4 Bxf3 13. gxf3 d5 14. Nxb6+ cxb6 15. exd5 Nxd5 16. fxe5 Kb8 17. Qa4 Rc8 18. Kb1 Ndb4 19. Bxc6 Nxc6 20. f4 Qf5 21. Rc1 Red8 22. d3 a5 23. a3 g5 24. Rhf1 g4 25. Rf2 h5 26. Qe4 Qxe4 27. dxe4 Nd4 28. Rd1 Nf3 29. Rxd8 Rxd8 30. Kc1 h4 31. f5 Rg8 32. e6 fxe6 33. f6 e5 34. h3 gxh3 1-0

[Event "Regionalliga SW 9798"]
[Site "Bayern"]
[Date "1998.??.??"]
[Round "?.3"]
[White "Suren, Peter"]
[Black "Lutz, Albert"]
[Result "0-1"]
[WhiteElo "2059"]
[BlackElo "2005"]
[PlyCount "102"]
[EventDate "1997.10.??"]
[EventType "team-tourn"]
[EventRounds "9"]
[EventCountry "GER"]
[SourceTitle "EXT 2020"]
[Source "ChessBase"]
[SourceDate "2019.10.17"]
[SourceVersion "1"]
[SourceVersionDate "2019.10.17"]
[SourceQuality "1"]
[WhiteTeam "Muenchen 36 II"]
[BlackTeam "Augsburg SG 1873"]
[WhiteTeamCountry "GER"]
[BlackTeamCountry "GER"]

1. b3 c5 2. Bb2 Nc6 3. f4 d5 4. e3 Nf6 5. Nf3 Bg4 6. Bb5 Rc8 7. h3 Bxf3 8. Qxf3 g6 9. g4 Bg7 10. Nc3 e6 11. 0-0-0 a6 12. Bxc6+ Rxc6 13. h4 h5 14. g5 Nd7 15. f5 gxf5 16. Qg2 Nf8 17. d3 Qa5 18. Ne2 Bxb2+ 19. Kxb2 c4 20. dxc4 dxc4 21. Nd4 c3+ 22. Ka1 Rc7 23. g6 fxg6 24. Qg5 Qa3 25. Rb1 Qe7 26. Qg3 Rg8 27. Rhg1 Rd7 28. b4 Qd6 29. Qe1 Rc7 30. Rb3 Rgg7 31. b5 e5 32. b6 Rce7 33. Nf3 Nd7 34. Qxc3 Nxb6 35. Ng5 Rc7 36. Qb2 Nc4 37. Qc1 e4 38. a3 Rgd7 39. Nh3 Qf6+ 40. Ka2 Nd2 41. Qb2 Qxb2+ 42. Rxb2 Nc4 43. Rb3 Ne5 44. Kb1 Nf3 45. Rxg6 Nd2+ 46. Kb2 Nxb3 47. Kxb3 Rg7 48. Rh6 Rg3 49. Nf4 Rxe3+ 50. Kb4 Rec3 51. Nxh5 R7c4+ 0-1

[Event "Regionalliga SW 9697"]
[Site "Bayern"]
[Date "1996.??.??"]
[Round "?"]
[White "Huber, Marc"]
[Black "Suren, Peter"]
[Result "0-1"]
[WhiteElo "2060"]
[BlackElo "1950"]
[PlyCount "91"]
[EventDate "1996.10.??"]
[EventType "team-tourn"]
[EventRounds "9"]
[EventCountry "GER"]
[SourceTitle "EXT 1999"]
[Source "ChessBase"]
[SourceDate "1998.11.16"]
[SourceVersion "1"]
[SourceVersionDate "1998.11.16"]
[SourceQuality "1"]
[WhiteTeam "Garching"]
[BlackTeam "Muenchen 36 II"]
[WhiteTeamCountry "GER"]
[BlackTeamCountry "GER"]

1. d4 Nc6 2. c4 e5 3. d5 Nce7 4. e4 f5 5. Nc3 fxe4 6. Nxe4 Nf5 7. Nf3 Bb4+ 8. Bd2 Bxd2+ 9. Qxd2 d6 10. 0-0-0 Nf6 11. Bd3 0-0 12. Kb1 a5 13. Rc1 b6 14. b3 Qe8 15. a3 Bd7 16. Rhe1 Qh5 17. h3 Qh6 18. Qxh6 Nxh6 19. Ng3 Kh8 20. Ng5 Rae8 21. f3 g6 22. N5e4 Nxe4 23. fxe4 Rf2 24. Rc2 Ref8 25. Rxf2 Rxf2 26. Re2 Rf4 27. Kc2 Ng8 28. Kd2 h5 29. Ke1 Bxh3 30. gxh3 Rf3 31. Nf1 Rxd3 32. Rg2 Kh7 33. Rg3 Rxg3 34. Nxg3 Nf6 35. h4 Kh6 36. Ke2 g5 37. Nf5+ Kg6 38. Ke3 gxh4 39. Nxh4+ Kg5 40. Nf3+ Kg4 41. b4 axb4 42. axb4 h4 43. c5 bxc5 44. bxc5 h3 45. c6 Kg3 46. Nxe5 0-1

[Event "Imperia op 27th"]
[Site "Imperia"]
[Date "1985.09.07"]
[Round "8"]
[White "Suren, Peter"]
[Black "Colucci, Pasquale"]
[Result "0-1"]
[WhiteElo "2000"]
[BlackElo "1900"]
[PlyCount "132"]
[EventDate "1985.09.01"]
[EventType "swiss"]
[EventRounds "9"]
[EventCountry "ITA"]
[SourceTitle "EXT 2024"]
[Source "ChessBase"]
[SourceDate "2023.10.10"]
[SourceVersion "1"]
[SourceVersionDate "2023.10.10"]
[SourceQuality "1"]

1. b3 e5 2. Bb2 Nc6 3. e4 Nf6 4. Nc3 Be7 5. Bd3 d5 6. exd5 Nxd5 7. Be4 Be6 8. Qf3 Nd4 9. Qg3 Bf6 10. Nf3 Nxf3+ 11. Qxf3 c6 12. 0-0 0-0 13. Rad1 Qd7 14. Qg3 Rad8 15. Rfe1 Nf4 16. h3 Qe7 17. Ne2 Rfe8 18. Qf3 Nxe2+ 19. Rxe2 g6 20. Rde1 Bg7 21. g4 f5 22. gxf5 gxf5 23. Bd3 Qg5+ 24. Kh2 e4 25. Bxe4 fxe4 26. Qxe4 Bf7 27. Bxg7 Rxe4 28. Rxe4 Qxd2 29. R1e2 Qd1 30. Bh6 Rd6 31. Bf4 Rg6 32. Bg3 h5 33. h4 Qd7 34. Re7 Qc8 35. c4 Re6 36. R2xe6 Bxe6 37. Rc7 Qf8 38. Rxb7 Qf5 39. Re7 Qh3+ 40. Kg1 Qf5 41. Kh2 Kf8 42. Rxa7 Qh3+ 43. Kg1 Bg4 44. Bd6+ Kg8 45. Ra5 Bf3 46. Rg5+ Kf7 47. Bh2 Bg4 48. Bg3 Bf3 49. Bh2 Kf6 50. Rg8 Ke7 51. Rg7+ Ke6 52. Rg6+ Kd7 53. Rg7+ Kc8 54. Rc7+ Kd8 55. Rg7 Qe6 56. Bc7+ Kc8 57. Kh2 Qe1 58. Kg3 Qg1+ 59. Kxf3 Qxg7 60. Bb6 Qb2 61. Kf4 Qxa2 62. Kg5 Qe2 63. b4 Qg4+ 64. Kh6 Kd7 65. b5 cxb5 66. cxb5 Ke6 0-1

[Event "Imperia op 27th"]
[Site "Imperia"]
[Date "1985.09.05"]
[Round "6"]
[White "Suren, Peter"]
[Black "Nicora, Paolo"]
[Result "1/2-1/2"]
[WhiteElo "2000"]
[BlackElo "1900"]
[PlyCount "83"]
[EventDate "1985.09.01"]
[EventType "swiss"]
[EventRounds "9"]
[EventCountry "ITA"]
[SourceTitle "EXT 2024"]
[Source "ChessBase"]
[SourceDate "2023.10.10"]
[SourceVersion "1"]
[SourceVersionDate "2023.10.10"]
[SourceQuality "1"]

1. b3 d5 2. Bb2 c5 3. e3 Nc6 4. Bb5 Bd7 5. f4 Nf6 6. Nf3 e6 7. 0-0 Be7 8. d3 0-0 9. Nbd2 Rc8 10. Bxc6 Bxc6 11. Ne5 Be8 12. Qe2 Nd7 13. Nxd7 Bxd7 14. e4 Bf6 15. Bxf6 Qxf6 16. e5 Qe7 17. Rf3 f6 18. a4 Be8 19. Rf2 Bg6 20. Re1 Rce8 21. Ref1 a6 22. h3 h6 23. Kh2 fxe5 24. fxe5 Rxf2 25. Rxf2 Rf8 26. Rxf8+ Qxf8 27. Qf3 Qxf3 28. Nxf3 b5 29. a5 c4 30. bxc4 bxc4 31. dxc4 dxc4 32. c3 Be4 33. Nd4 Kf7 34. g3 Bd5 35. Kg1 Kg6 36. Kf2 Kg5 37. Ke3 h5 38. Ne2 Kf5 39. Nf4 g5 40. Nxh5 Kxe5 41. Ng7 Bc6 42. Nh5 1/2-1/2

[Event "Imperia op 27th"]
[Site "Imperia"]
[Date "1985.09.02"]
[Round "2"]
[White "Bossoni, Mario"]
[Black "Suren, Peter"]
[Result "0-1"]
[WhiteElo "1900"]
[BlackElo "2000"]
[PlyCount "70"]
[EventDate "1985.09.01"]
[EventType "swiss"]
[EventRounds "9"]
[EventCountry "ITA"]
[SourceTitle "EXT 2024"]
[Source "ChessBase"]
[SourceDate "2023.10.10"]
[SourceVersion "1"]
[SourceVersionDate "2023.10.10"]
[SourceQuality "1"]

1. e4 Nc6 2. d4 d5 3. e5 Bf5 4. c3 e6 5. Nf3 Nge7 6. Bd3 Bxd3 7. Qxd3 Qd7 8. Nbd2 Ng6 9. Qe3 f6 10. h4 fxe5 11. dxe5 0-0-0 12. Nb3 Qf7 13. Nbd4 Nxd4 14. cxd4 Bb4+ 15. Kf1 h6 16. a3 Bf8 17. Bd2 Ne7 18. Rc1 Nf5 19. Qc3 g6 20. b4 Qd7 21. a4 Kb8 22. b5 Be7 23. g4 Ng7 24. Qb3 Rdf8 25. a5 Bd8 26. Ra1 Rf7 27. b6 cxb6 28. a6 bxa6 29. Rxa6 Rhf8 30. Rh3 h5 31. g5 Nf5 32. Be1 Qc6 33. Ra4 Qc1 34. Kg2 Qf4 35. Qd3 Qg4+ 0-1